00365pab a2200133 454500008004000000100001900040245004500059260000900104300001400113362000800127650003900135650002100174773003600195180718b2003 xxu||||| |||| 00| 0 eng d aTanwar, Reicha aWomens's education in Haryana - a review c2003 ap.96-109. aOct aWomens education - India - Haryana aWomens education aGuru Nanak Journal of Sociology